Vấn đề giới hạn hình phạt án tử hình trong một số tội phạm tại Việt Nam : Hội thảo khoa học

Giới thiệu các bài tham luận về vấn đề giới hạn hình phạt án tử hình trong một số tội phạm tại Việt Nam

Zapisane w:
Opis bibliograficzny
Korporacja: Viện Nhà nước và pháp luật
Format: Książka
Język:Undetermined
Wydane: Thành phố Hồ Chí Minh Viện Nhà nước và pháp luật 2008
Hasła przedmiotowe:
Etykiety: Dodaj etykietę
Nie ma etykietki, Dołącz pierwszą etykiete!
Thư viện lưu trữ: Trung tâm Học liệu Trường Đại học Cần Thơ
LEADER 00942nam a2200205Ia 4500
001 CTU_156348
008 210402s9999 xx 000 0 und d
082 |a 364.66 
082 |b V121 
110 |a Viện Nhà nước và pháp luật 
245 0 |a Vấn đề giới hạn hình phạt án tử hình trong một số tội phạm tại Việt Nam : 
245 0 |b Hội thảo khoa học 
245 0 |c Viện Nhà nước và pháp luật 
260 |a Thành phố Hồ Chí Minh 
260 |b Viện Nhà nước và pháp luật 
260 |c 2008 
520 |a Giới thiệu các bài tham luận về vấn đề giới hạn hình phạt án tử hình trong một số tội phạm tại Việt Nam 
650 |a Criminal law,Criminology,Tội phạm học 
904 |i Nguyên 
980 |a Trung tâm Học liệu Trường Đại học Cần Thơ